000 00997nam a22002897a 4500
008 120914t xxu||||| |||| 00| 0 eng d
082 _a346.05 BAK
_b
100 _aBaker, Juliet
_96623
245 _aLaw :
_bownership and trusteeship-rights and responsibilities /
_cBaker, Juliet…(et. al)
250 _a2 ed.
260 _aGuildford :
_bcollege of law publishing
_c2011
300 _axiv. ; 303 p. :
_bill. ;
_c30 cm.
500 _aIncludes Index
650 _a Trusts and trustees -- England
650 _a Trusts and trustees -- Wales
_96624
650 _a Property -- England
_96625
650 _a Property -- Wales
_96626
650 _a Equity -- England
_9594
650 _a Equity -- Wales
_9596
650 _aLaw : ownership and trusteeship-rights and responsibilities
_96627
700 _a Carter, Elaine
_96628
700 _aJones, Richard
_96629
700 _aMawer, Louise
_96630
700 _aRawcliffe, Lisa
_96631
700 _aWilliams Gill
_96632
942 _2ddc
_cBK
999 _c5173
_d5173